[Event "HUN-ch"]
[Site "Budapest"]
[Date "2023.12.20"]
[Round "9"]
[White "Terbe, Julianna"]
[Black "Gaal, Zsoka"]
[Result "1/2-1/2"]
[WhiteElo "2279"]
[BlackElo "2325"]
[PlyCount "63"]
[EventDate "2023.12.12"]
[EventType "swiss"]
[EventRounds "9"]
[EventCountry "HUN"]
[SourceTitle "CB52_2023"]
[SourceDate "2023.12.27"]
[SourceVersion "1"]
[SourceVersionDate "2023.12.27"]
[SourceQuality "1"]

1. d4 Nf6 2. Nf3 e6 3. Bf4 d5 4. e3 Bd6 5. Nbd2 c5 6. dxc5 Bxc5 7. Bd3 Nc6 8. 0-0 0-0 9. c4 Bd6 10. Rc1 e5 11. Bg5 Be7 12. cxd5 Nxd5 13. Bxe7 Qxe7 14. Bb5 Rd8 15. Bxc6 bxc6 16. Qa4 Nb4 17. a3 Nd3 18. Rc2 c5 19. Ne4 Bd7 20. Qa5 Bc6 21. Ng3 Bxf3 22. gxf3 Qf6 23. Kg2 h5 24. h4 Qxh4 25. Rh1 Qf6 26. Rxh5 Qb6 27. Qc3 Rab8 28. Rh1 Qb3 29. Qxb3 Rxb3 30. Ne4 Rxb2 31. Rxb2 Nxb2 32. Nxc5 1/2-1/2

[Event "HUN-ch"]
[Site "Budapest"]
[Date "2023.12.13"]
[Round "2"]
[White "Dudin, Gleb"]
[Black "Terbe, Julianna"]
[Result "1-0"]
[WhiteElo "2545"]
[BlackElo "2279"]
[PlyCount "79"]
[EventDate "2023.12.12"]
[EventType "swiss"]
[EventRounds "9"]
[EventCountry "HUN"]
[SourceTitle "CB52_2023"]
[SourceDate "2023.12.27"]
[SourceVersion "1"]
[SourceVersionDate "2023.12.27"]
[SourceQuality "1"]

1. c4 c6 2. Nf3 d5 3. e3 Nf6 4. Nc3 a6 5. d4 e6 6. b3 Bb4 7. Bd2 Nbd7 8. Bd3 0-0 9. 0-0 Bd6 10. Re1 Re8 11. Qc2 h6 12. h3 e5 13. cxd5 cxd5 14. e4 dxe4 15. Nxe4 Nxe4 16. Rxe4 exd4 17. Rxe8+ Qxe8 18. Re1 Qf8 19. Nxd4 Nf6 20. Be2 Bd7 21. Bf3 Bc5 22. Be3 Bb4 23. Rd1 Rb8 24. Qb2 Ba3 25. Qa1 b5 26. Ne2 Be7 27. Qd4 b4 28. Qa7 Bb5 29. Ng3 Rd8 30. Nf5 Rxd1+ 31. Bxd1 Bd6 32. Qd4 Bb8 33. Bxh6 Ne8 34. Bg5 f6 35. Bd2 Nd6 36. Bxb4 Nxf5 37. Qd5+ Qf7 38. Qxf5 Qc7 39. g3 Be8 40. Bc2 1-0

[Event "HUN-chT 2324"]
[Site "Hungary"]
[Date "2023.12.10"]
[Round "3.7"]
[White "Terbe, Julianna"]
[Black "Szabo, Bence"]
[Result "1/2-1/2"]
[WhiteElo "2266"]
[BlackElo "2343"]
[PlyCount "62"]
[EventDate "2023.10.28"]
[EventType "team-tourn"]
[EventRounds "9"]
[EventCountry "HUN"]
[SourceTitle "CB16_2024"]
[SourceDate "2024.04.17"]
[SourceVersion "1"]
[SourceVersionDate "2024.04.17"]
[SourceQuality "1"]
[WhiteTeam "Mako Duocor"]
[BlackTeam "Kobanya Aquarena"]
[WhiteTeamCountry "HUN"]
[BlackTeamCountry "HUN"]

1. d4 Nf6 2. Nf3 g6 3. g3 Bg7 4. Bg2 0-0 5. 0-0 d5 6. c4 dxc4 7. Na3 c5 8. Nxc4 Be6 9. Nce5 cxd4 10. Qxd4 Qxd4 11. Nxd4 Bd5 12. Rd1 Na6 13. Bxd5 Nxd5 14. Ndf3 Rfd8 15. Bd2 Rac8 16. Rac1 e6 17. Ba5 Rxc1 18. Rxc1 b6 19. Be1 h6 20. b3 Ne7 21. Kg2 Rd5 22. Nd3 Rd7 23. Nfe5 Rc7 24. Rxc7 Nxc7 25. e4 Na6 26. f4 Kf8 27. Kf3 Ke8 28. Nc4 Nc8 29. a4 Bf8 30. b4 Nd6 31. Nxd6+ Bxd6 1/2-1/2

[Event "FIDE Grand Swiss (Women)"]
[Site "Douglas"]
[Date "2023.10.26"]
[Round "2"]
[White "Batsiashvili, Nino"]
[Black "Terbe, Julianna"]
[Result "1-0"]
[WhiteElo "2475"]
[BlackElo "2266"]
[PlyCount "111"]
[EventDate "2023.10.25"]
[EventType "swiss"]
[EventRounds "11"]
[EventCountry "IOM"]
[SourceTitle "Mega2024 Update 01"]
[Source "Chessbase"]
[SourceDate "2023.11.12"]
[SourceVersion "1"]
[SourceVersionDate "2023.11.12"]
[SourceQuality "1"]

1. Nf3 d5 2. e3 Nf6 3. c4 c6 4. Nc3 a6 5. d4 e6 6. h3 Nbd7 7. Qc2 Bd6 8. g4 dxc4 9. e4 e5 10. Bxc4 0-0 11. Be3 b5 12. Be2 exd4 13. Nxd4 Qc7 14. g5 Ne8 15. 0-0-0 Nb6 16. Nf5 Bf4 17. Kb1 Bxe3 18. Nxe3 Be6 19. Bg4 Qf4 20. Rhg1 b4 21. Ne2 Qxf2 22. Rg3 Nc7 23. Rf1 Qh2 24. Rfg1 Rad8 25. Bxe6 Nxe6 26. Ng4 Nd4 27. Nxd4 Qxc2+ 28. Nxc2 c5 29. Nce3 Rde8 30. e5 c4 31. Rd1 Re6 32. Nd5 a5 33. Nxb6 Rxb6 34. Ne3 c3 35. Nd5 Rb5 36. bxc3 bxc3+ 37. Kc1 Rfb8 38. Rxc3 Kf8 39. a4 Rb1+ 40. Kd2 R1b2+ 41. Rc2 R2b3 42. Rdc1 Ke8 43. Rc8+ Rxc8 44. Rxc8+ Kd7 45. Rc3 Rb2+ 46. Ke3 Ke6 47. Ke4 Re2+ 48. Ne3 Ra2 49. Rc6+ Kd7 50. Rd6+ Ke8 51. Rd4 Rh2 52. Rd5 Rxh3 53. Rxa5 h5 54. Ra8+ Kd7 55. Ra7+ Ke6 56. Ng2 1-0